[Event "Wch Amateurs U1700"]
[Site "Rhodes"]
[Date "2024.10.28"]
[Round "2"]
[White "Orsos, Kristof"]
[Black "Isaia, Daniele"]
[Result "1-0"]
[WhiteElo "1699"]
[BlackElo "1634"]
[PlyCount "65"]
[EventDate "2024.10.27"]
[EventType "swiss"]
[EventRounds "9"]
[EventCountry "GRE"]
[SourceTitle "CB45_2024"]
[Source "ChessBase"]
[SourceDate "2024.11.06"]
[SourceVersion "1"]
[SourceVersionDate "2024.11.06"]
[SourceQuality "1"]

1. d4 Nf6 2. c4 e6 3. Nf3 d5 4. Nc3 c6 5. e3 Nbd7 6. Bd3 dxc4 7. Bxc4 b5 8. Bb3 b4 9. Na4 Ba6 10. Qc2 Rc8 11. Bc4 Bxc4 12. Qxc4 Qa5 13. b3 Bd6 14. 0-0 0-0 15. Re1 Ne4 16. Bb2 Ndf6 17. Ne5 c5 18. f3 cxd4 19. Qxd4 Bc5 20. Nxc5 Nxc5 21. Rec1 Rfd8 22. Qc4 Rc7 23. a3 bxa3 24. b4 Qb6 25. Bd4 Rxd4 26. Qxd4 Ncd7 27. Qxb6 Rxc1+ 28. Rxc1 Nxb6 29. Ra1 g6 30. Rxa3 Nfd5 31. Rxa7 Nxb4 32. Rb7 N6d5 33. e4 1-0